<Der> Gewerbesteuerhebesatz als Lokalisationsfaktor bei der Standortwahlchemischer Betriebe an ausgewählten Beispielen Inaugural-Dissertation

Salvato in:
Dettagli Bibliografici
Autore principale: Bruder, Gabriele
Natura: Libro
Lingua:tedesco
Pubblicazione: Frankfurt am Main Johann Wolfgang Goethe-Universität 1988
Edizione:1. Aufl.
Tags: Aggiungi Tag
Nessun Tag, puoi essere il primo ad aggiungerne!!

MARC

LEADER 00000nam a2200000 4500
001 c029845
005 20221206134811.0
041 0 |a ger 
044 |a DE 
245 1 0 |a <Der> Gewerbesteuerhebesatz als Lokalisationsfaktor bei der Standortwahlchemischer Betriebe an ausgewählten Beispielen  |b Inaugural-Dissertation  |c Gabriele Bruder 
250 |a 1. Aufl. 
264 1 |a Frankfurt am Main  |b Johann Wolfgang Goethe-Universität  |c 1988 
300 |a 225 s. 
100 1 |a Bruder, Gabriele